Countries Bordering Brazil - 30 Seconds - Statistics

General Stats
  • This quiz has been taken 36 times
  • The average score is 9 of 10
Answer Stats
Country % Correct
Argentina
100%
Paraguay
97%
Suriname
94%
Uruguay
94%
Colombia
91%
Bolivia
88%
Peru
88%
Guyana
85%
Venezuela
82%
France (French Guiana)
62%
No matching quizzes found
Score Distribution
Percent of People with Each Score
Percentile by Number Answered
Your Score History
You have not taken this quiz